00840nam a2200253 a 4500001001000000005001700010008004100027041000800068044000800076050002300084245004600107260003200153300003100185500004000216500000900256650003900265650004200304650004500346710004500391902000800436942001100444999001500455952011600470BRCA_807820190320210124.0030414s1968----enka###f##---#000-0#eng-# aeng aenk 4aN5208.5b.C55 196810aChristie´s review of the year 1967/1968. aLondresbNewman Neamec1968 a303 p.bil., fotosc25 cm. aVer también Y222 (year 1964/1965) aY10814aArtes decorativasvSubastas92007914aArtes decorativasvCatálogos91408614aArtexColeccionistas y colecciones974452 aChristie, Manson & Wood (Londres)910394 aGFM 2lcccB c7746d7746 00104070aBRCAbBRCAd2014-04-03iY108l0oN5208.5 .C55 1968 (Y108)p8702r2019-03-22 00:00:00w2019-03-22yB